[Event "E Chess Grand Prix 2 2022 | Knockout"]
[Site "Chess.com"]
[Date "2022.03.10"]
[Round "1"]
[White "Vachier Lagrave, Maxime"]
[Black "Rapport, Richard"]
[Result "1/2-1/2"]
[WhiteElo "2761"]
[BlackElo "2762"]
[EventDate "2022.??.??"]
[Annotator "Bojkov,Dejan"]
[PlyCount "131"]
[Beauty "4882459278381"]
[EventType "team-tourn"]
[EventCountry "FID"]

1.e4 e5 2.Nf3 Nc6 3.Bb5 {In a must-win situation Vachier-Lagrave chooses the most complex opening, the Ruy Lopez.} 3...a6 4.Ba4 d6 5.O-O Bg4 {Rapport's choice, on the other hand can be called anything but solid. The Improved Stenitz could not have been expected by him, as the Hungarian GM tries for the first time, at least according to Megabase $1} 6.h3 h5 7.d4 {After some hesitation, White opts for the main line. The pawn is offered in return for the control over the -g5 square.} 7...b5 8.Bb3 Nxd4 9.hxg4 {Now White can grab the piece as he can block the black queen access towards his king.} 9...hxg4 {The older line.} ( {The Guru of the line, GM Yandemirov preferred instead} 9...Nxb3 10.axb3 hxg4 ) 10.Ng5 Nh6 {All of this was blitzed by Rapport, and his opponent sank into deep thought.} ( {The position is razor-sharp and any of the sides might easily err, for example} 10...Nxb3 $4 {loses to} 11.Qd5 $1 Nh6 12.Qc6+ Ke7 13.Nc3 $1 ) 11.g3 {After more than half-an-hour on his clock, Vachier-Lagrave deviates from the main theory.} ( {A few years back Short won a complex game thanks to:} 11.f4 c6 12.g3 Nxb3 13.cxb3 exf4 14.gxf4 Qd7 15.f5 d5 16.Bf4 O-O-O 17.Nc3 Bd6 18.Qd4 {Short,$146 (2675)-Timman,J (2650) Pamplona 2000} ) 11...Be7 12.f4 {[#]} 12...Qd7 $146 {But Rapport was not taken by surprise and quickly fired a novelty.} ( {The predecessor saw:} 12...c6 13.Be3 Nxb3 14.cxb3 d5 15.Qc1 Rc8 16.fxe5 d4 17.Rd1 dxe3 18.Rxd8+ Rxd8 19.Qxc6+ Kf8 20.Nc3 Bxg5 21.e6 Kg8 {Kindermann,S (2565)-Jussupow,A (2680) Germany 1996 GER-chT} ) ( {Another direction might be} 12...gxf3 13.Nxf3 Qd7 14.Kg2 O-O-O ) 13.f5 {Only now did Black start to think.} ( {Rapport likely concentrated his preparation on the move} 13.Qd3 {when White does not fear} 13...f6 {due to} 14.Ne6 $1 {anyway and Black is left empty-handed in the line} 14...Nxe6 15.Qd5 ) 13...c6 {More than half-an-our thought for Black too.} ( {There was also} 13...Qd8 $5 14.Qd2 a5 ( 14...c6 ) ) 14.Nc3 ( {Maybe} 14.Kg2 {makes more sense as White can eventually exploit the h-file. The game would be unclear then after say} 14...d5 15.Nc3 O-O-O ) ( {The importance of the h-file is demonstrated by the line} 14.c3 Nxb3 15.axb3 Qd8 $1 16.Qd2 Ng8 $3 {with inevitable Rh8-h5 $1} ) 14...Qd8 ( {It also made sense to throw-in} 14...a5 $5 15.a3 Qd8 16.Nxf7 Nxf7 17.Qxg4 Nxb3 18.cxb3 {slightly hampering White's pawn structure.} ) 15.Nxf7 {More or less forced.} ( {As seen from above, White cannot defend his knight any more} 15.Qd2 Nxb3 16.axb3 Ng8 $1 ) 15...Nxf7 16.Qxg4 Nxb3 17.axb3 Bg5 $1 {The opening was a big success for Rapport, he equalized in full.} 18.Kg2 Qf6 {However, this is a slight inaccuracy.} ( {Safer looked the instant queen swap attempt with} 18...Bxc1 19.Rfxc1 Qg5 20.Qf3 Ke7 {which is still even.} ) 19.Nd1 $1 {A pretty move $1 The knight lands on the optimal f2-square from where it will guard the white king forever.} 19...Bxc1 ( 19...Qh6 $6 20.Nf2 Qh2+ $2 21.Kf3 {only works for White.} ) 20.Rxc1 Qg5 {There is nothing better.} 21.Nf2 Qxg4 22.Nxg4 Ng5 {The beginning of a poor plan.} ( {The black king stood well in the center and accurate play like} 22...a5 $5 23.Ra1 Ke7 24.Ra3 Ng5 {would have kep the balance, for example} 25.Rfa1 Nxe4 26.Rxa5 Rxa5 27.Rxa5 Rh5 28.Ra7+ Kf8 {and White has a perpetual, but does he have anything more $2} ) 23.Nf2 O-O-O 24.c4 $1 {Now Vachier-Lagrave skillfully starts to create problems.} 24...Kc7 25.Rh1 bxc4 ( {It is curious that the machine suggests the ugly} 25...Rh6 26.Rxh6 gxh6 27.Rh1 Nf7 ) 26.bxc4 a5 27.Ra1 Kb6 {An automatic move, and a mistake. Rapport created a weakness on the queenside, and now allows a maneuver that would highlight the weakness.} ( 27...Rxh1 $1 {was caled for and after} 28.Rxh1 Kd7 {Black seems to be in time to defend both sides.} ) 28.Rhd1 $3 {A move of a great master $1} 28...Rh7 29.Rd3 $1 Rdh8 30.Rb3+ {This is why this rook should have been traded earlier. The white major pieces do whatever they want on the queenside, whereas the black rooks are easily stopped by the white only knight.} 30...Ka6 31.Rba3 Rh2+ 32.Kf1 Kb6 33.Rxa5 Nf3 34.c5+ $1 {One more excellent decision in the time-trouble. Vachier-Lagrave is almost winning.} ( 34.Ra6+ Kc5 35.R1a5+ Kd4 {lets the black king slip away.} ) 34...dxc5 35.Ra6+ Kb5 {Now after a few checks in the zeitnot} 36.R1a5+ Kb4 37.Ra4+ Kb5 38.R6a5+ Kb6 39.Ra6+ Kb5 40.R4a5+ Kb4 {White finds} 41.Ra3 $1 {which not only attacks the knight, but sets a mating net around the black king.} 41...Nd2+ {The knight rushes to the resque.} ( 41...Nd4 $5 ) ( {Or else Black may get checkmated after say} 41...Ng5 $2 42.Rb6+ Kc4 43.Ra4# ) 42.Kg1 $1 ( 42.Ke2 {does not create a threat instead and Black can still go for} 42...Nc4 ( {Or may choose} 42...c4 ) ) 42...Nc4 ( 42...c4 $2 43.Rxc6 ) 43.Rd3 $1 {The proper square for the rook, b2-b3 is a major threat.} 43...R2h6 44.Ra7 {But that is a step in the wrong direction.} ( {Both players definitely studied the critical line} 44.b3 $1 {when the knight is forced to step on a poor square} 44...Nb2 {Then, after few changes of the angle of the attack} 45.Rd7 Kc3 46.Ra1 $1 Kc2 47.Ra5 $1 {White would have unbalanced the opponent's defense} 47...c4 48.bxc4 Nxc4 49.Rc5 Kc3 {And the study-like} 50.Kg2 $3 {A pretty position $1 Black lack a good move, e.g:} ( {Certainly not} 50.Rxg7 $2 Kd4 {which traps the white rook.} ) ( {Nor} 50.Ng4 Kb4 51.Nxh6 Kxc5 52.Nf7 Rg8 {would make as much of a progress as the calm king move.} ) 50...Rg8 ( {Or} 50...Kb4 51.Nd3+ Kb3 52.Rb7+ Kc3 53.Nxe5 Kd4 54.Rxc4+ Kxe5 55.Kf3 {and White should win in both cases.} ) 51.Ng4 ) 44...Rb8 $1 {Yet another piece comes to the resque.} 45.b3 {Missing one more chance.} ( 45.Rxg7 Nxb2 {yield White nothing.} ) ( {However, the immediate} 45.Ng4 $1 {might have worked better, as in the line} 45...Nxb2 46.Rdd7 Rhh8 47.Nxe5 {white pieces are too strong.} ) 45...Na5 46.Ng4 Nxb3 {The culmination of the game, and the match. Rapport managed to organize his defense and is now looking for a speedy promotion. His previously iffy king is leading the army. And still, Black was not yet out of the woods.} 47.Rxg7 {Only this finally lets Black off the hook.} ( {The last chance was} 47.Nxh6 $1 c4 48.Rd6 gxh6 49.Rxc6 Nd4 50.Rxh6 c3 51.Rc7 Nb5 52.Rcc6 Nd4 53.Kf2 $1 {is it a win, or not would be proved by further, extensive analyzes, but that was all the Vachier-Lagrave was left with.} ) 47...c4 $1 {This passer will cost White deerly.} 48.Rd1 Rhh8 49.Nxe5 Rhc8 50.Rg6 c5 $1 {The passer's speed is worth the exchange.} 51.Nc6+ Rxc6 52.Rxc6 c3 53.f6 c2 54.Rf1 c1=Q 55.Rxc1 Nxc1 {One rook taken, one more passer available.} 56.e5 Ne2+ 57.Kf2 Nd4 58.Rd6 Nb5 59.Rd7 c4 60.e6 {White is just as fast as the opponent and that leads to a perpetual.} 60...c3 61.e7 c2 62.f7 c1=Q 63.e8=Q Qc5+ 64.Kg2 Qc6+ 65.Kh3 Qh6+ 66.Kg2 {PLAY CHESS, NOT WAR.} 1/2-1/2

[Event "E Chess Grand Prix 2 2022 | Knockout"]
[Site "Chess.com"]
[Date "2022.03.11"]
[Round "10"]
[White "Giri, Anish"]
[Black "Andreikin, Dmitry"]
[Result "0-1"]
[WhiteElo "2771"]
[BlackElo "2724"]
[EventDate "2022.??.??"]
[Annotator "Bojkov,Dejan"]
[PlyCount "126"]
[Beauty "6187747673123"]
[EventType "team-tourn"]
[EventCountry "FID"]

1.e4 c5 2.Nf3 e6 3.d4 cxd4 4.Nxd4 Nc6 {The Taimanov Sicilian is Andreikin's main weapon; therefore it was easy to predict its appearance, especially in rapid and blitz.} 5.Nc3 a6 6.Nxc6 bxc6 7.Bd3 d5 8.O-O Nf6 9.Qf3 ( {The other main move is:} 9.Re1 Be7 10.e5 Nd7 11.Qg4 g6 12.Na4 h5 13.Qe2 c5 14.c4 d4 15.b3 {as in Anand,V (2753)-Nepomniachtchi,I (2792) Zagreb 2021} ) 9...Bb7 10.Re1 Be7 11.Qg3 h5 $1 $146 {A top-notch novelty. This is the reason why the top players play \"their openings\" in short time controls. They know them perfectly well, with all the nuances, and have enormous experience in the arising structures.} ( {The predecessor was the recent GM game:} 11...O-O 12.Bh6 Ne8 13.Bf4 g6 14.Rad1 Rc8 15.Na4 Nf6 16.Bh6 Re8 17.e5 Nh5 18.Qg4 c5 19.c4 d4 20.b3 Ng7 21.Be4 Qc7 22.Bxb7 Qxb7 23.Rd3 Nf5 24.Bg5 {½-½ (24) Zwirs,$146 (2461)-Fedorchuk,S (2605) Cappelle la Grande 2022} ) 12.h3 {Giri is not taken by surprise and reacts quickly. After all, there is a Dutch connection present from the predecessor.} ( {It is risky to accept the pawn sacrifice} 12.Qxg7 {would be likely met with} 12...Rg8 13.Qh6 Qb6 {The threat is Nf6-g4 and after} 14.e5 ( {Black also has plenty of compensation in case of} 14.Qf4 O-O-O ) 14...Ng4 15.Qf4 c5 {White's position looks scary, to say at least} ) 12...Kf8 {Once the g4-square has been taken under control, White already threatened to capture the pawn, thus the move in the game.} ( {For instance} 12...h4 13.Qxg7 Rg8 14.Qh6 Qb6 15.e5 $1 {here looks good as Nf6-g4 does not exist anymore.} ) 13.Bf4 {Giri can be happy with the opening outcome. Andreikin's king will have to suffer for a while.} ( 13.Bg5 $5 ) 13...h4 14.Qf3 Kg8 15.Rad1 $1 {White is preparing the maneuver Nc3-a4 followed by c2-c4, and playing in the center makes perfect sense with the idle black kingside.} 15...Nh5 16.Bh2 Bd6 ( {Or} 16...Rh6 17.Na4 {as planned.} ) 17.Bxd6 Qxd6 18.e5 $1 {Giri wants to keep the queens alive.} ( {Another interesting possibility was} 18.Na4 $5 {but then White might have disliked} 18...Qf4 {However, White seems better here as well with} ( {It is also difficult to assess if the center will be an asset or liability in the line} 18...e5 19.exd5 cxd5 20.c4 {However, it seems as White is in control, say} 20...Bc6 21.Nc3 d4 22.Be4 {and the pawns become targets.} ) 19.Be2 $5 ( 19.Qe2 $5 {to keep the queens is an option.} ) 19...Qxf3 20.Bxf3 Nf4 21.Nc5 ) 18...Qb4 19.Ne2 g6 20.c3 {Giri switches to a blockading play.} ( {Even stronger seemed} 20.c4 $1 Kg7 ( 20...dxc4 21.Be4 ) 21.cxd5 cxd5 22.Qe3 {planting a super-knight on the d4-outpost.} ) 20...Qe7 21.b4 a5 $1 {Andreikin is alert and quickly gets rid of a potential weakness, and a relatively bad bishop.} 22.a3 Ba6 23.Nd4 Bxd3 24.Qxd3 ( {The machine claims an edge for White in the line} 24.Rxd3 axb4 25.axb4 c5 26.bxc5 Qxc5 27.g3 {but I personally cannot digest this evaluation.} ) 24...Qb7 {This allows White a chance to finally open a file for his rooks and launch a serious attack against the opponent's king.} ( {Safer was to finish his plan with} 24...axb4 25.axb4 ( {Weaker is} 25.Nxc6 Qc7 26.Nxb4 Rxa3 ) 25...c5 26.bxc5 Qxc5 {with approximate equality.} ) 25.Rb1 Qa6 26.b5 ( 26.Qf3 $5 {eyeballing the black king might have been equally good.} ) 26...cxb5 27.Rxb5 Ng7 ( {Here} 27...Kg7 $5 {seems more to the point.} ) 28.Reb1 Qc8 ( {If} 28...Nf5 29.Nxf5 gxf5 30.Qd2 {and the black king is in major danger.} ) 29.Rb6 Qc5 ( {However, now} 29...Nf5 {was possible and needed and after} 30.Nxf5 gxf5 31.Qd2 Rh5 {Black has good chances to repel the attack.} ) 30.Qf3 $1 {A powerful move $1 Giri is ready to sacrifice two pawns but get to the enemy king.} 30...Rf8 {A wise decision $1 Somewhere around here, both players entered the under-five-minute zone.} ( {Andreikin correctly rejects} 30...Qxa3 31.Qf6 $1 Qxc3 32.Nf3 $1 {when White attacks practically with an extra rook and dominates completely, e.g.} 32...Rf8 33.Rb8 Ne8 34.Qe7 {and Black's position in on the verge of the collapse.} ) 31.Rb8 Qxa3 32.Rxf8+ {A pity $1 Up to here Giri's play was inspiring and almost perfect. The Dutchman felt that he needed to bring his knight closer to the opponent's king, but did not have the time to figure out the correct route.} ( {Instead} 32.Nb5 $3 Qc5 33.Nd6 $1 {would have transferred the knight on the optimal square and that would have been all that White could have hoped for. White is winning, for example} 33...Rxb8 ( {Or} 33...Nf5 34.Rxf8+ Kxf8 35.Rb7 {and Black is in trouble.} ) 34.Rxb8+ Kh7 35.Rb5 Qc6 36.Qxf7 {and it is basically over.} ) 32...Qxf8 33.Nc6 ( {It was not too late for} 33.Qf6 $1 {keeping some edge.} ) 33...Qc5 34.Rb7 Nf5 $1 {Now Black is out of trouble and it is Black who needs to prove the draw.} 35.Ne7+ Kg7 {Giri saw a seemingly forcing draw line and went for it} 36.Nxg6 ( {The draw would have been achieved with} 36.Nxf5+ $1 gxf5 ( 36...exf5 37.e6 Rf8 38.Rd7 ) 37.Qf4 Rh5 38.g4 hxg3 39.Qxg3+ {It is even Black who needs to find the correct idea here} 39...Kh6 $1 40.Rb8 Rg5 41.Rh8+ Kg7 42.Qxg5+ Kxh8 43.Qh6+ {with a perpetual check.} ) 36...Qc6 $1 {A cold shower $1 In-between moves like these are the best blitzers’ bread-and-butter.} ( {Giri likely only expected} 36...Kxg6 37.Qg4+ Kh6 38.Qf4+ {with inevitable perpetual.} 38...Kg6 ( {Black cannot deviate} 38...Kh7 $4 39.Rxf7+ Kg8 40.Rd7 {as it is White who mates here.} ) 39.Qg4+ ) ( {Also great would have been} 36...Qc8 $1 ) 37.Rxf7+ ( {Or} 37.Ra7 Qb6 38.Rd7 Qb5 39.Ra7 Qb8 40.Rd7 Qe8 $1 {and once the f7-point is defended Black can finally pick up the knight} 41.Ra7 Kxg6 42.Qg4+ Kh6 43.Qf4+ Kh7 ) 37...Kxf7 38.Nxh8+ Kg7 {While freeing his knight, White will have to part with a bunch of pawns.} 39.Qh5 Qxc3 40.Nf7 ( {No perpetual after} 40.Qf7+ Kxh8 41.Qf8+ Kh7 42.Qf7+ Ng7 ) 40...Qe1+ 41.Kh2 Qxf2 42.Ng5 ( {Once more, the black knight is a perfect defender against the checks in the line} 42.Qh8+ Kxf7 43.Qf6+ Ke8 44.Qxe6+ Ne7 ) 42...Qg3+ 43.Kg1 Qe1+ 44.Kh2 Qxe5+ 45.Kg1 Qe3+ 46.Kh2 Qg3+ 47.Kg1 Qe1+ $1 {The most practical decision.} ( {Black would have also won with} 47...Ne3 {but why allow the many checks after} 48.Qf7+ Kh6 49.Qxe6+ Kxg5 50.Qe7+ Kf5 ) 48.Kh2 Qh1+ $1 {The point $1 The knight endgame is easily won.} 49.Kxh1 Ng3+ 50.Kg1 Nxh5 51.Nxe6+ Kf6 52.Nc5 Ke5 53.Kf2 d4 54.Ke2 Nf4+ 55.Kf3 Kd5 $1 56.Na4 ( 56.Nb3 a4 ) 56...Ne6 57.g3 hxg3 58.h4 ( 58.Kxg3 Kc4 ) 58...d3 59.Kxg3 Kc4 60.h5 Kb3 61.h6 Nf8 62.Nc5+ Kc2 63.Ne6 d2 {PLAY CHESS, NOT WAR.} 0-1

[Event "E Chess Grand Prix 3 All Pools 2022"]
[Site "Chess.com"]
[Date "2022.03.29"]
[Round "7"]
[White "Mamedyarov, Shakhriyar"]
[Black "Keymer, Vincent"]
[Result "1-0"]
[WhiteElo "2776"]
[BlackElo "2655"]
[EventDate "2022.??.??"]
[Annotator "Bojkov,Dejan"]
[PlyCount "73"]
[Beauty "7908108538924"]
[EventType "team-tourn"]
[EventCountry "FID"]

1.d4 Nf6 2.c4 e6 3.g3 {It is remarkable how solid Mamedyarov's openings are. But, actually, let's not get ahead of ourselves.} 3...Bb4+ 4.Nd2 d5 5.Bg2 O-O 6.Nf3 dxc4 {Both sides are confidently blitzing their moves and following an earlier game of Keymer’s.} 7.Qc2 a5 8.a3 Bxd2+ ( {Another plan is:} 8...Be7 9.Nxc4 b5 10.Nce5 Bb7 11.Bg5 Be4 12.Qd2 h6 13.Bxf6 Bxf6 {when White tried to gain an advantage with the help of} 14.Qf4 {in Dubov,D (2714)-Korobov,A (2683) Chess.com INT 2021} ) 9.Bxd2 b5 10.a4 c6 11.h4 h6 12.g4 $146 {Yes,a novelty. And if there is one name to be associated with a g4-attack nowadays, that would be Mamedyarov $1} ( {The predecessor was an earlier game of the young German star, which followed the forcing path:} 12.Ne5 Qxd4 13.Nxc6 Nxc6 14.Bxc6 Rb8 15.axb5 Bb7 16.Bc3 Qc5 17.Bxb7 Rxb7 18.Rxa5 Rxb5 19.Rxb5 Qxb5 20.Bxf6 gxf6 21.O-O Rb8 {and eventually the game peter out in a draw, Wojtaszek, R (2691)-Keymer,V (2630) Riga 2021} ) 12...Nxg4 {Forced and played quickly, but after White's next move, Keymer had to start burning precious time.} 13.Ne5 ( {There was also} 13.axb5 {when Black cannot recapture.} 13...cxb5 $4 {due to} ( {However} 13...f5 $1 {solidifies Black's position and it is totally unclear after} 14.Qxc4 cxb5 15.Qxb5 Bd7 ) 14.Ng5 $1 ) 13...f5 {Choosing from many options is a curse, especially in rapid and blitz. It seems, however, as there were a couple of more accurate options.} ( {The preliminary trade} 13...Nxe5 14.dxe5 {followed by} 14...f5 {seems perfectly playable for Black after} 15.axb5 ( {Or} 15.exf6 Qxf6 16.Be3 {where White also has compensation for the pawns.} ) 15...Bb7 ) ( {Another interesting choice was} 13...Qxd4 {It looks risky due to the forcing line} 14.Nxg4 Qxg4 15.Bf3 Qg6 16.Qxg6 fxg6 17.axb5 {when it seems as if White dominates; however, there is} 17...Rxf3 $1 18.exf3 cxb5 19.Rxa5 Rxa5 20.Bxa5 Bb7 {and it is again unclear.} ) 14.Nxg4 fxg4 15.axb5 Qf6 ( {Worse is} 15...Qxd4 16.Be3 Qe5 17.bxc6 ) 16.O-O-O {This is what the g3-g4 sacrifice is all about. Occupy the open files on the kingside and mate, just like Aronian already did a couple of days ago.} ( {It is amusing to see that the machine prefers the materialistic} 16.O-O $1 {castling into an attack, but gaining an important pawn in the line} 16...Qxh4 17.bxc6 {After} 17...Ra7 18.Qe4 {White's powerful centralization keeps the mates away from him.} ) 16...Bd7 {But this seems too slow $1} ( {Keymer needed to challenge the opponent's light-squared bishop as soon as possible, and therefore} 16...Bb7 $1 {was called for, when a line like} 17.Rhg1 Rf7 18.Be4 ( {Or} 18.b6 Na6 $1 19.Qe4 c5 ) 18...cxb5 19.Rxg4 Nc6 $1 {seems more than reasonable for Black.} ) 17.Rhg1 $1 {Mamedyarov wastes no time counting the pawns but instead quickly brings his rooks on the half-open files.} 17...Ra7 {The rook is ready to guard his king along the seventh rank. However, ...} ( {Or} 17...Qxh4 18.Be4 Rxf2 19.Qxc4 {and Black is in trouble.} ) 18.b6 $1 {A nasty spoiler that completely disorganizes the black defensive attempt.} 18...Ra6 ( 18...Rb7 19.Be4 ) 19.Be4 Qxh4 ( {Nothing changes.} 19...Qxf2 20.Rxg4 ) 20.f3 $1 {Opening every single file against the black king. Keymer tries to control the situation as much as he can with} 20...g3 ( {As} 20...gxf3 21.exf3 Be8 22.Rg4 Qf6 {promises White decisive attack with simple moves like} 23.Rh1 $1 ( {Or} 23.Bf4 $1 ) ) 21.Rh1 Qe7 22.Rdg1 Rf6 23.Rxg3 {The floodgates have been open and the rooks find perfect coordination with their long-range brothers to wrap up the game.} 23...Kf8 24.Rhg1 Rxb6 ( {Or} 24...Be8 25.Qxc4 Rxb6 26.Rxg7 Qxg7 27.Qc5+ {and White wins material.} ) 25.Bxa5 Rb5 ( {Instead} 25...Ra6 {would have led to a similar line as in the game with} 26.Rxg7 $1 Qxg7 27.Bb4+ Kf7 28.Rxg7+ Kxg7 29.Bd6 ) 26.Rxg7 $1 {The decisive blow.} 26...Qxg7 27.Rxg7 Kxg7 28.Bc7 {Wins material and with the black king still open White should obviously be winning.} 28...Be8 29.Be5 Nd7 30.Bxc6 Nxe5 31.Bxe8 Nd3+ 32.exd3 Rg5 33.Qxc4 Rxf3 34.Qxe6 Rf2 35.Kb1 Rgg2 36.Qe7+ Kh8 37.Qb7 {PLAY CHESS, NOT WAR.} 1-0